000 00318nam a2200133Ia 4500
005 20251222153521.0
008 251222s9999||||xx |||||||||||||| ||spa||
082 _a300/L87
100 _aLópez López, F. Javier
245 0 _a100 Preguntas sobre Masstricht:
250 _a1ra. ed.
264 _bTiempo
942 _cLIB
999 _c29727
_d29727